Library Banner

Teaching landscape : (Record no. 139887)

MARC details
000 -LEADER
fixed length control field 00481nam a22001577a 4500
005 - DATE AND TIME OF LATEST TRANSACTION
control field 20260225113110.0
008 - FIXED-LENGTH DATA ELEMENTS--GENERAL INFORMATION
fixed length control field 260225b |||||||| |||| 00| 0 eng d
020 ## - INTERNATIONAL STANDARD BOOK NUMBER
International Standard Book Number 9780815380559 (pbk)
040 ## - CATALOGING SOURCE
Transcribing agency PK-LaUMT
082 ## - DEWEY DECIMAL CLASSIFICATION NUMBER
Classification number 712.076
Item number TEA-
245 ## - TITLE STATEMENT
Title Teaching landscape :
Remainder of title the stdio experience /
Statement of responsibility, etc edited by Karsten Jorgensen . . . ['et al.]
260 ## - PUBLICATION, DISTRIBUTION, ETC. (IMPRINT)
Place of publication, distribution, etc London :
Name of publisher, distributor, etc Routledge,
Date of publication, distribution, etc 2020
300 ## - PHYSICAL DESCRIPTION
Extent 260 p.
650 ## - SUBJECT ADDED ENTRY--TOPICAL TERM
Topical term or geographic name as entry element Landscape design - Study and teaching
942 ## - ADDED ENTRY ELEMENTS (KOHA)
Koha item type Books
Holdings
Withdrawn status Lost status Damaged status Home library Current library Date acquired Full call number Barcode Date last seen Price effective from Koha item type
      UMT Main Campus UMT Main Campus 2026-02-25 712.076 TEA- 151688 2026-02-25 2026-02-25 Books